<?xml version="1.0" encoding="UTF-8"?>
<record
    xmlns:xsi="http://www.w3.org/2001/XMLSchema-instance"
    xsi:schemaLocation="http://www.loc.gov/MARC21/slim http://www.loc.gov/standards/marcxml/schema/MARC21slim.xsd"
    xmlns="http://www.loc.gov/MARC21/slim">

  <leader>00792nam a2200181 a 4500</leader>
  <controlfield tag="001">000039635</controlfield>
  <controlfield tag="005">20201002033642.0</controlfield>
  <controlfield tag="008">130712s2009    uy            000 0 spa d</controlfield>
  <datafield tag="020" ind1=" " ind2=" ">
    <subfield code="a">9789974550636</subfield>
  </datafield>
  <datafield tag="040" ind1=" " ind2=" ">
    <subfield code="a">DO-SdBNP</subfield>
    <subfield code="b">spa</subfield>
    <subfield code="c">BNPHU</subfield>
  </datafield>
  <datafield tag="082" ind1=" " ind2=" ">
    <subfield code="a">xxx</subfield>
  </datafield>
  <datafield tag="100" ind1="1" ind2=" ">
    <subfield code="a">Morosoli, Juan Jos&#xE9;,</subfield>
    <subfield code="d">1899-1957</subfield>
    <subfield code="9">65816</subfield>
  </datafield>
  <datafield tag="245" ind1="1" ind2="0">
    <subfield code="a">Cuentos completos /</subfield>
    <subfield code="c">Juan Jos&#xE9; Morosoli ; edicion Heber Raviolo.</subfield>
  </datafield>
  <datafield tag="260" ind1=" " ind2=" ">
    <subfield code="a">Montevideo, Uruguay :</subfield>
    <subfield code="b">Biblioteca Nacional,</subfield>
    <subfield code="b">Ediciones de la Banda Oriental,</subfield>
    <subfield code="c">2009.</subfield>
  </datafield>
  <datafield tag="300" ind1=" " ind2=" ">
    <subfield code="a">624 p. ;</subfield>
    <subfield code="c">23 cm.</subfield>
  </datafield>
  <datafield tag="505" ind1="0" ind2=" ">
    <subfield code="t">Hombre --</subfield>
    <subfield code="t">Los alba&#xF1;iles de los "Tapes" --</subfield>
    <subfield code="t">Hombre y mujeres --</subfield>
    <subfield code="t">Vivientes --</subfield>
    <subfield code="t">Tierra y tiempo --</subfield>
    <subfield code="t">El viaje hacia el mar --</subfield>
    <subfield code="t">Otros cuentos no recogidos en libro por el autor --</subfield>
    <subfield code="t">Relatos para ni&#xF1;os --</subfield>
    <subfield code="g">Vocabulario</subfield>
  </datafield>
  <datafield tag="700" ind1="1" ind2=" ">
    <subfield code="a">Raviolo, Heber,</subfield>
    <subfield code="e">ed.</subfield>
    <subfield code="9">65817</subfield>
  </datafield>
  <datafield tag="952" ind1=" " ind2=" ">
    <subfield code="0">0</subfield>
    <subfield code="1">0</subfield>
    <subfield code="5">0</subfield>
    <subfield code="7">1</subfield>
    <subfield code="8">MO</subfield>
    <subfield code="a">GR</subfield>
    <subfield code="b">GR</subfield>
    <subfield code="c">CT</subfield>
    <subfield code="d">2013-07-12</subfield>
    <subfield code="i">LF1</subfield>
    <subfield code="l">0</subfield>
    <subfield code="o">xxx </subfield>
    <subfield code="p">39635-10</subfield>
    <subfield code="r">2020-06-25</subfield>
    <subfield code="w">2020-06-25</subfield>
    <subfield code="y">1</subfield>
    <subfield code="Z">No se presta</subfield>
  </datafield>
  <datafield tag="999" ind1=" " ind2=" ">
    <subfield code="c">39125</subfield>
    <subfield code="d">39125</subfield>
  </datafield>
</record>
